[Event "Chess.com Rapid Wk18 Swiss"]
[Site "Chess.com INT"]
[Date "2022.06.11"]
[Round "7"]
[White "Preotu, Razvan"]
[Black "Ponkratov, Pavel"]
[Result "1-0"]
[WhiteElo "2445"]
[BlackElo "2631"]
[WhiteFideId "-1"]
[WhiteFideId "-1"]
[PlyCount "77"]
[GameId "1791222600192000"]
[EventDate "2022.06.11"]
[EventType "swiss (rapid)"]
[EventRounds "9"]
[EventCountry "USA"]
[SourceTitle "CBM 208 Extra"]
[Source "ChessBase"]
[SourceDate "2022.07.31"]
[SourceVersion "1"]
[SourceVersionDate "2022.07.31"]
[SourceQuality "1"]

1. e4 e5 2. Nf3 Nc6 3. Bc4 h6 4. O-O Nf6 5. d3 g5 6. a4 Bg7 7. a5 O-O 8. c3 Rb8 9. Re1 b5 10. axb6 axb6 11. Nbd2 b5 12. Bb3 b4 13. Nf1 bxc3 14. bxc3 d5 15. Ba4 dxe4 16. Bxc6 exf3 17. Ba3 fxg2 18. Ng3 Bg4 19. Qc2 Re8 20. Bxe8 Qxe8 21. c4 Qc6 22. Bb2 Nd7 23. Bc3 Bf3 24. Nf5 Re8 25. Re3 g4 26. Rae1 f6 27. Nh4 f5 28. Nxf5 Qf6 29. d4 e4 30. Ng3 Ra8 31. Nxe4 Qc6 32. Nd2 Rf8 33. d5 Qd6 34. Bxg7 Kxg7 35. Re7+ Rf7 36. Rxf7+ Kxf7 37. Qh7+ Kf8 38. Qh8+ Kf7 39. Qe8+ 1-0

[Event "Chess.com Rapid Wk18 Swiss"]
[Site "Chess.com INT"]
[Date "2022.06.11"]
[Round "8"]
[White "Matlakov, Maxim"]
[Black "Preotu, Razvan"]
[Result "1-0"]
[WhiteElo "2671"]
[BlackElo "2445"]
[WhiteFideId "-1"]
[WhiteFideId "-1"]
[PlyCount "65"]
[GameId "1791222600273920"]
[EventDate "2022.06.11"]
[EventType "swiss (rapid)"]
[EventRounds "9"]
[EventCountry "USA"]
[SourceTitle "CBM 208 Extra"]
[Source "ChessBase"]
[SourceDate "2022.07.31"]
[SourceVersion "1"]
[SourceVersionDate "2022.07.31"]
[SourceQuality "1"]

1. d4 Nf6 2. Nf3 g6 3. g3 Bg7 4. Bg2 O-O 5. O-O d5 6. c4 dxc4 7. Na3 c3 8. bxc3 c5 9. Re1 Nc6 10. e4 Bg4 11. Bb2 Nd7 12. Rb1 Nb6 13. Nc2 Qd7 14. d5 Na5 15. Ne3 Bh3 16. Bxh3 Qxh3 17. c4 Bxb2 18. Rxb2 Naxc4 19. Nxc4 Nxc4 20. Rxb7 Rfe8 21. Qc2 Nd6 22. Rc7 c4 23. e5 Nb5 24. Rc5 Qg4 25. Qe4 Qxe4 26. Rxe4 Rab8 27. Rexc4 Red8 28. a4 Na3 29. Rc3 Nb1 30. Rd3 Rbc8 31. Rxc8 Rxc8 32. d6 exd6 33. exd6 1-0

[Event "Chess.com Rapid Wk18 Swiss"]
[Site "Chess.com INT"]
[Date "2022.06.11"]
[Round "9"]
[White "Grischuk, Alexander"]
[Black "Preotu, Razvan"]
[Result "0-1"]
[WhiteElo "2745"]
[BlackElo "2445"]
[WhiteFideId "-1"]
[WhiteFideId "-1"]
[PlyCount "78"]
[GameId "1791222600355840"]
[EventDate "2022.06.11"]
[EventType "swiss (rapid)"]
[EventRounds "9"]
[EventCountry "USA"]
[SourceTitle "CBM 208 Extra"]
[Source "ChessBase"]
[SourceDate "2022.07.31"]
[SourceVersion "1"]
[SourceVersionDate "2022.07.31"]
[SourceQuality "1"]

1. d4 Nf6 2. c4 g6 3. Nc3 d5 4. cxd5 Nxd5 5. e4 Nxc3 6. bxc3 Bg7 7. Nf3 c5 8. h3 O-O 9. Be2 Nc6 10. Be3 cxd4 11. cxd4 Qa5+ 12. Bd2 Qa3 13. d5 Ne5 14. O-O Bd7 15. Rb1 Qxa2 16. Rxb7 Rfb8 17. Qb1 Qxb1 18. Rfxb1 Nxf3+ 19. gxf3 Be5 20. f4 Bd6 21. e5 Bf5 22. exd6 Bxb1 23. Rxb8+ Rxb8 24. dxe7 f5 25. d6 Kf7 26. Bd1 Bd3 27. Ba5 Ke8 28. Ba4+ Bb5 29. Bc7 Rb7 30. Bb3 Bc6 31. Bg8 Rb1+ 32. Kh2 Ra1 33. f3 a5 34. h4 h5 35. Bb6 a4 36. Bd4 Rd1 37. Be5 a3 38. Kg3 Bd5 39. Bh7 Bf7 0-1

[Event "Titled Tuesday 2022.06.07 Early"]
[Site "Chess.com INT"]
[Date "2022.06.07"]
[Round "1"]
[White "Balabayeva, Kseniya"]
[Black "Preotu, Razvan"]
[Result "1-0"]
[WhiteElo "2177"]
[BlackElo "2445"]
[WhiteFideId "-1"]
[WhiteFideId "-1"]
[PlyCount "49"]
[GameId "1791222588825600"]
[EventDate "2022.06.07"]
[EventType "swiss (blitz)"]
[EventRounds "11"]
[EventCountry "NET"]
[SourceTitle "CBM 208 Extra"]
[Source "ChessBase"]
[SourceDate "2022.07.31"]
[SourceVersion "1"]
[SourceVersionDate "2022.07.31"]
[SourceQuality "1"]

1. d4 Nf6 2. Bf4 d5 3. e3 c5 4. dxc5 e6 5. Bxb8 Rxb8 6. Qd4 Qc7 7. b4 b6 8. cxb6 Rxb6 9. c3 e5 10. Qd1 Ne4 11. Qb3 Bxb4 12. cxb4 Qc1+ 13. Qd1 Qb2 14. Nd2 Nxd2 15. Rc1 Nc4 16. Bxc4 dxc4 17. Rxc4 Ba6 18. Rc2 Qxb4+ 19. Qd2 Qb5 20. Ne2 Rd6 21. Qxd6 Qb1+ 22. Rc1 Qb7 23. Qc6+ Qxc6 24. Rxc6 Bd3 25. Rc8+ 1-0

[Event "Titled Tuesday 2022.06.07 Early"]
[Site "Chess.com INT"]
[Date "2022.06.07"]
[Round "3"]
[White "Pourkashiyan, Atousa"]
[Black "Preotu, Razvan"]
[Result "0-1"]
[WhiteElo "2322"]
[BlackElo "2445"]
[WhiteFideId "-1"]
[WhiteFideId "-1"]
[PlyCount "82"]
[GameId "1791222590271488"]
[EventDate "2022.06.07"]
[EventType "swiss (blitz)"]
[EventRounds "11"]
[EventCountry "NET"]
[SourceTitle "CBM 208 Extra"]
[Source "ChessBase"]
[SourceDate "2022.07.31"]
[SourceVersion "1"]
[SourceVersionDate "2022.07.31"]
[SourceQuality "1"]

1. e4 c5 2. Nf3 d6 3. d4 cxd4 4. Nxd4 Nf6 5. Nc3 a6 6. Bc4 e6 7. O-O b5 8. Bb3 Be7 9. f4 O-O 10. Be3 b4 11. Na4 Nxe4 12. f5 d5 13. fxe6 fxe6 14. Qg4 Nf6 15. Qg3 Kh8 16. Nf3 Nc6 17. Nb6 Rb8 18. Nxc8 Rxc8 19. Rae1 Bd6 20. Qh4 Ne4 21. Ng5 Nxg5 22. Bxg5 Qb6+ 23. Kh1 Be5 24. Be7 Rxf1+ 25. Rxf1 Bxb2 26. Bf8 Qe3 27. Qg4 Bf6 28. Bd6 Nd4 29. Bxb4 Nxc2 30. Bxc2 Rxc2 31. h3 Rc1 32. Rxc1 Qxc1+ 33. Kh2 Be5+ 34. g3 Qc2+ 35. Kh1 h6 36. a3 d4 37. Qf3 d3 38. Qf8+ Kh7 39. Qd8 Qd1+ 40. Kg2 Qe2+ 41. Kh1 Bxg3 0-1

[Event "Titled Tuesday 2022.06.07 Early"]
[Site "Chess.com INT"]
[Date "2022.06.07"]
[Round "4"]
[White "Preotu, Razvan"]
[Black "Adla, Diego Gustavo"]
[Result "1-0"]
[WhiteElo "2445"]
[BlackElo "2407"]
[WhiteFideId "-1"]
[WhiteFideId "-1"]
[PlyCount "103"]
[GameId "1791222591053824"]
[EventDate "2022.06.07"]
[EventType "swiss (blitz)"]
[EventRounds "11"]
[EventCountry "NET"]
[SourceTitle "CBM 208 Extra"]
[Source "ChessBase"]
[SourceDate "2022.07.31"]
[SourceVersion "1"]
[SourceVersionDate "2022.07.31"]
[SourceQuality "1"]

1. e4 e5 2. Nf3 Nc6 3. Bc4 Nf6 4. d3 Bc5 5. c3 O-O 6. O-O d6 7. h3 a5 8. Re1 h6 9. Bb5 Ne7 10. d4 Ba7 11. Nbd2 Ng6 12. Ba4 c6 13. Bc2 Re8 14. Nf1 b5 15. Ng3 a4 16. Be3 Be6 17. Qd2 Qe7 18. b3 axb3 19. axb3 Bb6 20. Nf5 Qd7 21. Rxa8 Rxa8 22. Bxh6 Nxe4 23. Bxe4 Bxf5 24. Bxf5 Qxf5 25. Be3 exd4 26. Nxd4 Qd7 27. Rd1 d5 28. Qc2 Bc7 29. Qf5 Qxf5 30. Nxf5 Be5 31. Bd4 Ra2 32. Re1 Bxd4 33. Re8+ Kh7 34. cxd4 Rb2 35. h4 Rxb3 36. h5 Nf4 37. Rf8 Nxh5 38. Rxf7 Kg6 39. Nd6 Nf6 40. Rc7 Rc3 41. Nxb5 Rc1+ 42. Kh2 Kf5 43. Na7 Ke4 44. Rxc6 Rd1 45. Nb5 Ng4+ 46. Kg3 Nh6 47. Nc3+ Kxd4 48. Nxd1 Nf5+ 49. Kf4 Ne7 50. Re6 Nc8 51. Ne3 g5+ 52. Kxg5 1-0

[Event "Titled Tuesday 2022.06.07 Early"]
[Site "Chess.com INT"]
[Date "2022.06.07"]
[Round "6"]
[White "Preotu, Razvan"]
[Black "Yaksin, Oleg"]
[Result "0-1"]
[WhiteElo "2445"]
[BlackElo "2388"]
[WhiteFideId "-1"]
[WhiteFideId "-1"]
[PlyCount "94"]
[GameId "1791222592212992"]
[EventDate "2022.06.07"]
[EventType "swiss (blitz)"]
[EventRounds "11"]
[EventCountry "NET"]
[SourceTitle "CBM 208 Extra"]
[Source "ChessBase"]
[SourceDate "2022.07.31"]
[SourceVersion "1"]
[SourceVersionDate "2022.07.31"]
[SourceQuality "1"]

1. e4 c5 2. Nf3 d6 3. d4 cxd4 4. Nxd4 Nf6 5. Nc3 Nc6 6. Bg5 e6 7. Qd2 Be7 8. O-O-O Qb6 9. f3 Nxd4 10. Qxd4 Qxd4 11. Rxd4 a6 12. Na4 Nd7 13. Bxe7 Kxe7 14. Be2 b5 15. Nc3 Ne5 16. Rhd1 Rd8 17. f4 Nc6 18. R4d2 Bb7 19. Bf3 Rac8 20. b3 Rc7 21. Kb2 h6 22. h4 Na5 23. e5 d5 24. Ne2 Rdc8 25. h5 Nc6 26. a3 a5 27. Rc1 b4 28. a4 Ba6 29. Nd4 Nxd4 30. Rxd4 Rc3 31. Rd2 R8c7 32. Re1 Bc8 33. Rf2 Bd7 34. Bd1 Rg3 35. Bf3 Rc3 36. Kc1 Be8 37. Kd2 g6 38. hxg6 fxg6 39. Re3 d4 40. Rxc3 dxc3+ 41. Ke2 g5 42. Be4 gxf4 43. Rxf4 Rg5 44. Ke3 Rxe5 45. Kd4 Rg5 46. Rh4 h5 47. Rf4 e5+ 0-1

[Event "Titled Tuesday 2022.06.07 Early"]
[Site "Chess.com INT"]
[Date "2022.06.07"]
[Round "8"]
[White "Preotu, Razvan"]
[Black "Wagner, Dinara"]
[Result "1-0"]
[WhiteElo "2445"]
[BlackElo "2342"]
[WhiteFideId "-1"]
[WhiteFideId "-1"]
[PlyCount "107"]
[GameId "1791222593409024"]
[EventDate "2022.06.07"]
[EventType "swiss (blitz)"]
[EventRounds "11"]
[EventCountry "NET"]
[SourceTitle "CBM 208 Extra"]
[Source "ChessBase"]
[SourceDate "2022.07.31"]
[SourceVersion "1"]
[SourceVersionDate "2022.07.31"]
[SourceQuality "1"]

1. e4 c5 2. Nf3 d6 3. d4 cxd4 4. Nxd4 Nf6 5. Nc3 a6 6. Be2 e6 7. Be3 Be7 8. g4 h6 9. h4 Nfd7 10. Qd2 Nc6 11. O-O-O Nxd4 12. Qxd4 Ne5 13. g5 hxg5 14. hxg5 Rg8 15. f4 Nc6 16. Qd2 Bd7 17. f5 Ne5 18. Rdf1 Qc7 19. Rh3 O-O-O 20. Bd4 Kb8 21. b3 Rc8 22. f6 gxf6 23. gxf6 Bf8 24. Kb2 Rg2 25. Rf2 Rg6 26. a4 Qa5 27. Rh5 Qc7 28. Rh7 Be8 29. Bh5 Rg3 30. Ne2 Rh3 31. Nf4 Rh4 32. Nxe6 Qc6 33. Nxf8 Qxe4 34. Bc3 Rh3 35. Re2 Qf5 36. Qxd6+ Ka8 37. Bxe5 Re3 38. Rd2 Rxe5 39. Bxf7 Bc6 40. Ne6 Qxh7 41. Qxe5 Qxf7 42. Nc5 Rf8 43. Rd6 Qc7 44. Qe7 Qc8 45. Ne6 Re8 46. Nc7+ Ka7 47. Nxe8 Bxe8 48. f7 Bxf7 49. Qxf7 Qc5 50. Qd5 Qc7 51. Qd4+ b6 52. Rd7 Qxd7 53. Qxd7+ Kb8 54. Qc6 1-0

[Event "Titled Tuesday 2022.06.07 Early"]
[Site "chess.com INT"]
[Date "2022.06.07"]
[Round "2"]
[White "Preotu, Razvan"]
[Black "Khamdamova, Afruza"]
[Result "0-1"]
[WhiteElo "2445"]
[BlackElo "1964"]
[WhiteFideId "-1"]
[WhiteFideId "-1"]
[PlyCount "40"]
[GameId "2130307575131756"]
[EventDate "2022.06.07"]
[EventType "swiss (blitz)"]
[EventRounds "11"]
[EventCountry "NET"]
[SourceTitle "The Week in Chess 1440"]
[Source "Mark Crowther"]
[SourceDate "2022.06.13"]
[SourceVersion "1"]
[SourceVersionDate "2022.06.13"]
[SourceQuality "2"]

1. e4 e5 2. Nf3 Nf6 3. Bc4 Nc6 4. d3 Bc5 5. c3 d6 6. O-O a6 7. Re1 O-O 8. a4 Ba7 9. h3 h6 10. Nbd2 Be6 11. Bxe6 fxe6 12. Nf1 Kh7 13. b4 Ne7 14. Be3 Bxe3 15. Rxe3 Ng6 16. g3 Qd7 17. Qc2 Rae8 18. N1h2 d5 19. Ng4 Nxg4 20. hxg4 d4 0-1

[Event "Titled Tuesday 2022.06.07 Early"]
[Site "chess.com INT"]
[Date "2022.06.07"]
[Round "5"]
[White "Badelka, Olga"]
[Black "Preotu, Razvan"]
[Result "0-1"]
[WhiteElo "2448"]
[BlackElo "2445"]
[WhiteFideId "-1"]
[WhiteFideId "-1"]
[PlyCount "68"]
[GameId "2130307575135972"]
[EventDate "2022.06.07"]
[EventType "swiss (blitz)"]
[EventRounds "11"]
[EventCountry "NET"]
[SourceTitle "The Week in Chess 1440"]
[Source "Mark Crowther"]
[SourceDate "2022.06.13"]
[SourceVersion "1"]
[SourceVersionDate "2022.06.13"]
[SourceQuality "2"]

1. c4 c5 2. Nf3 Nc6 3. Nc3 g6 4. e4 Bg7 5. g3 a6 6. Bg2 b5 7. d3 b4 8. Ne2 e5 9. O-O Nge7 10. Ne1 O-O 11. f4 exf4 12. Nxf4 d6 13. Rb1 a5 14. b3 a4 15. Bb2 Nd4 16. Nf3 Bg4 17. h3 Bxf3 18. Bxf3 axb3 19. axb3 Ra2 20. Bg2 Be5 21. Bxd4 Bxd4+ 22. Kh1 Qd7 23. Qf3 Qa7 24. Ne6 Nc6 25. Nxf8 Kxf8 26. e5 Nxe5 27. Qd5 Nxd3 28. Qxd6+ Kg7 29. Qd5 Qe7 30. Kh2 Re2 31. Rbd1 Re3 32. Rd2 Ne5 33. Rdd1 Qg5 34. g4 Nxg4+ 0-1

[Event "Titled Tuesday 2022.06.07 Early"]
[Site "chess.com INT"]
[Date "2022.06.07"]
[Round "7"]
[White "Cervantes Landeiro, Thalia"]
[Black "Preotu, Razvan"]
[Result "0-1"]
[WhiteElo "2234"]
[BlackElo "2445"]
[WhiteFideId "-1"]
[WhiteFideId "-1"]
[PlyCount "168"]
[GameId "2130307575140158"]
[EventDate "2022.06.07"]
[EventType "swiss (blitz)"]
[EventRounds "11"]
[EventCountry "NET"]
[SourceTitle "The Week in Chess 1440"]
[Source "Mark Crowther"]
[SourceDate "2022.06.13"]
[SourceVersion "1"]
[SourceVersionDate "2022.06.13"]
[SourceQuality "2"]

1. d4 Nf6 2. c4 g6 3. Nc3 d5 4. cxd5 Nxd5 5. e4 Nxc3 6. bxc3 Bg7 7. Nf3 c5 8. Rb1 O-O 9. Be2 Nc6 10. d5 Ne5 11. Nxe5 Bxe5 12. c4 Qa5+ 13. Bd2 Qxa2 14. O-O Bd4 15. Kh1 b6 16. f4 e6 17. Qc1 exd5 18. cxd5 Ba6 19. Bxa6 Qxa6 20. f5 Qe2 21. Bh6 Qxe4 22. fxg6 hxg6 23. Bxf8 Rxf8 24. Qc4 Rd8 25. d6 Qe6 26. Qa6 Rd7 27. Qc8+ Kg7 28. Rbe1 Qxd6 29. Re8 Re7 30. Rg8+ Kh7 31. Rf8 Qe6 32. Qa8 Qf5 33. Rd1 Re2 34. Qb7 Kg7 35. Rd8 Qe4 36. Qxe4 Rxe4 37. Rd7 a5 38. Rf1 Bf6 39. Rd6 Re6 40. Rd7 a4 41. Ra7 b5 42. g3 Bb2 43. Rd1 a3 44. Rdd7 Rf6 45. Rdb7 b4 46. Kg2 Rf5 47. g4 Rf6 48. Rb5 g5 49. Rxc5 Kg6 50. Rb5 Rf4 51. Kg3 f6 52. Ra6 Re4 53. Rab6 Be5+ 54. Rxe5 Rxe5 55. Rxb4 Ra5 56. Rb1 a2 57. Ra1 Ra3+ 58. Kg2 Kf7 59. Kf2 Ke6 60. Ke2 Kd5 61. Kd2 Kc4 62. Kc2 Rh3 63. Kb2 Rxh2+ 64. Ka3 Kd4 65. Rd1+ Ke5 66. Rf1 Rg2 67. Rf5+ Ke6 68. Rf1 Rxg4 69. Kxa2 Rf4 70. Re1+ Kf5 71. Kb2 g4 72. Kc2 g3 73. Rg1 Kg4 74. Kd2 Re4 75. Kd3 Re8 76. Ra1 f5 77. Ra4+ f4 78. Ra7 g2 79. Rg7+ Kf3 80. Rf7 Kg3 81. Rg7+ Kf2 82. Rg4 f3 83. Re4 Rxe4 84. Kxe4 g1=Q 0-1

[Event "Titled Tuesday 2022.06.07 Early"]
[Site "chess.com INT"]
[Date "2022.06.07"]
[Round "9"]
[White "Richter, Nils"]
[Black "Preotu, Razvan"]
[Result "1-0"]
[WhiteElo "2359"]
[BlackElo "2445"]
[WhiteFideId "-1"]
[WhiteFideId "-1"]
[PlyCount "151"]
[GameId "2130307575148446"]
[EventDate "2022.06.07"]
[EventType "swiss (blitz)"]
[EventRounds "11"]
[EventCountry "NET"]
[SourceTitle "The Week in Chess 1440"]
[Source "Mark Crowther"]
[SourceDate "2022.06.13"]
[SourceVersion "1"]
[SourceVersionDate "2022.06.13"]
[SourceQuality "2"]

1. d4 Nf6 2. c4 g6 3. Nc3 d5 4. cxd5 Nxd5 5. e4 Nxc3 6. bxc3 Bg7 7. Nf3 c5 8. Be3 Bg4 9. Be2 Nc6 10. e5 cxd4 11. cxd4 Qa5+ 12. Bd2 Qd5 13. Bc3 O-O 14. h3 Bxf3 15. Bxf3 Qc4 16. Qb3 Qxb3 17. axb3 Rfc8 18. Bb2 e6 19. O-O Bh6 20. d5 exd5 21. Bxd5 a6 22. e6 Bg7 23. exf7+ Kh8 24. Ba3 Bxa1 25. Rxa1 Kg7 26. Re1 Rd8 27. Bxc6 bxc6 28. f8=Q+ Rxf8 29. Bxf8+ Kxf8 30. Re6 Rc8 31. Re4 Rb8 32. b4 Kf7 33. Rh4 h5 34. Rc4 Rb6 35. Kh2 Ke6 36. Kg3 Kd5 37. Rc5+ Kd4 38. Rg5 Rxb4 39. Rxg6 Kc5 40. Rg5+ Kb6 41. Rxh5 a5 42. Rh8 Kb7 43. Re8 a4 44. Re2 a3 45. Ra2 Ra4 46. h4 Kb6 47. h5 Kb5 48. h6 Kb4 49. f4 Kb3 50. Ra1 a2 51. Kg4 Kb2 52. Rxa2+ Kxa2 53. h7 Ra8 54. Kh5 c5 55. g4 c4 56. g5 c3 57. g6 c2 58. g7 c1=Q 59. g8=Q+ Rxg8 60. hxg8=Q+ Ka3 61. Qa8+ Kb3 62. Qb7+ Ka3 63. Qa6+ Kb3 64. Qb5+ Ka3 65. Qe5 Qh1+ 66. Kg5 Qg2+ 67. Kf6 Qg8 68. Qd6+ Kb2 69. Qd4+ Ka3 70. Qa7+ Kb2 71. Qf7 Qd8+ 72. Qe7 Qh8+ 73. Kf5 Qh5+ 74. Qg5 Qf7+ 75. Qf6+ Qxf6+ 76. Kxf6 1-0

[Event "Titled Tuesday 2022.06.07 Early"]
[Site "chess.com INT"]
[Date "2022.06.07"]
[Round "10"]
[White "Preotu, Razvan"]
[Black "Gunduz, Umut Erdem"]
[Result "1-0"]
[WhiteElo "2445"]
[BlackElo "2364"]
[WhiteFideId "-1"]
[WhiteFideId "-1"]
[PlyCount "77"]
[GameId "2130307575148481"]
[EventDate "2022.06.07"]
[EventType "swiss (blitz)"]
[EventRounds "11"]
[EventCountry "NET"]
[SourceTitle "The Week in Chess 1440"]
[Source "Mark Crowther"]
[SourceDate "2022.06.13"]
[SourceVersion "1"]
[SourceVersionDate "2022.06.13"]
[SourceQuality "2"]

1. e4 e5 2. Nf3 Nc6 3. Bc4 Nf6 4. d3 h6 5. c3 d6 6. a4 g5 7. Qb3 Qe7 8. a5 a6 9. Nbd2 Bg7 10. Nf1 O-O 11. Ng3 Bg4 12. h4 Bxf3 13. gxf3 Nh7 14. Nf5 Qf6 15. hxg5 Nxg5 16. Bxg5 hxg5 17. Qxb7 Ne7 18. Nxe7+ Qxe7 19. Qc6 Rfb8 20. b4 Qe8 21. Bd5 Qxc6 22. Bxc6 Ra7 23. Kd2 Kf8 24. Kc2 Bf6 25. Kb3 Ke7 26. Rh7 Rh8 27. Rxh8 Bxh8 28. Rh1 Bg7 29. Rh7 Kf6 30. Kc4 Kg6 31. Rh1 Kf6 32. Kd5 Kg6 33. Ra1 Kf6 34. c4 Ke7 35. b5 axb5 36. cxb5 Kd8 37. a6 Ke7 38. Rh1 Kf6 39. Bb7 1-0

[Event "Chess.com RCC Wk17 Swiss"]
[Site "chess.com INT"]
[Date "2022.06.04"]
[Round "2"]
[White "Preotu, Razvan"]
[Black "Yang, Kaiqi"]
[Result "1-0"]
[WhiteElo "2445"]
[BlackElo "2481"]
[WhiteFideId "-1"]
[WhiteFideId "-1"]
[PlyCount "75"]
[GameId "2130307575182070"]
[EventDate "2022.06.04"]
[EventType "swiss (rapid)"]
[EventRounds "9"]
[EventCountry "NET"]
[SourceTitle "The Week in Chess 1439"]
[Source "Mark Crowther"]
[SourceDate "2022.06.06"]
[SourceVersion "1"]
[SourceVersionDate "2022.06.06"]
[SourceQuality "2"]

1. e4 e6 2. d4 d5 3. Nc3 Bb4 4. e5 b6 5. h4 Qd7 6. h5 h6 7. Qg4 Bf8 8. Nf3 Ne7 9. b4 Nbc6 10. a3 Bb7 11. Qf4 g5 12. hxg6 Nxg6 13. Qe3 O-O-O 14. Bd3 Kb8 15. Ne2 Nce7 16. Ng3 f5 17. exf6 Nf5 18. Nxf5 exf5 19. Ne5 Nxe5 20. dxe5 d4 21. Qh3 Qd5 22. Qxf5 Qxg2 23. Rf1 h5 24. Bf4 h4 25. e6 h3 26. e7 Bxe7 27. fxe7 Rde8 28. Qd7 h2 29. Qxc7+ Ka8 30. O-O-O h1=Q 31. Rxh1 Rxh1 32. Qd8+ Bc8 33. Qxe8 Rxd1+ 34. Kxd1 Qg1+ 35. Ke2 Qg4+ 36. Ke1 Qe6+ 37. Kd2 Kb7 38. Qd8 1-0

[Event "Chess.com RCC Wk17 Swiss"]
[Site "chess.com INT"]
[Date "2022.06.04"]
[Round "3"]
[White "Preotu, Razvan"]
[Black "Dubov, Daniil"]
[Result "0-1"]
[WhiteElo "2445"]
[BlackElo "2702"]
[WhiteFideId "-1"]
[WhiteFideId "-1"]
[PlyCount "184"]
[GameId "2130307575182076"]
[EventDate "2022.06.04"]
[EventType "swiss (rapid)"]
[EventRounds "9"]
[EventCountry "NET"]
[SourceTitle "The Week in Chess 1439"]
[Source "Mark Crowther"]
[SourceDate "2022.06.06"]
[SourceVersion "1"]
[SourceVersionDate "2022.06.06"]
[SourceQuality "2"]

1. e4 e5 2. Nf3 Nc6 3. Bc4 Nf6 4. d3 Be7 5. O-O d6 6. a4 O-O 7. c3 Be6 8. Bxe6 fxe6 9. Nbd2 a5 10. Re1 Nd7 11. d4 Kh8 12. d5 exd5 13. exd5 Ncb8 14. Ne4 h6 15. c4 Na6 16. Be3 Qe8 17. Nfd2 Qg6 18. h3 Nb4 19. Rf1 h5 20. Qe2 Rf7 21. Rac1 b6 22. Ng3 Nf6 23. Rfd1 Raf8 24. Kh2 h4 25. Ngf1 Nd3 26. Rb1 e4 27. Nb3 Nh5 28. Qg4 Qxg4 29. hxg4 Nf6 30. Kh3 Ne5 31. Nd4 Nfxg4 32. Ne6 Rc8 33. Nd2 Rxf2 34. Bd4 Re2 35. Nf4 Rf2 36. Ne6 e3 37. Nf3 Rxf3+ 38. gxf3 Nf2+ 39. Kg2 h3+ 40. Kg3 Nxd1 41. Rxd1 e2 42. Rh1 Bh4+ 43. Kxh4 e1=Q+ 44. Rxe1 Nxf3+ 45. Kxh3 Nxe1 46. Bxg7+ Kg8 47. Kg3 Nd3 48. Bc3 Kf7 49. Kf3 Ke7 50. Ke3 Ne5 51. b3 Nd7 52. Bd4 Nc5 53. Bxc5 bxc5 54. Kd3 Kd7 55. Ng5 Rh8 56. Ne4 Rh3+ 57. Kc2 c6 58. dxc6+ Kxc6 59. Nc3 Kd7 60. Nd5 Rg3 61. Kb2 Ke6 62. Nb6 Ke5 63. Nd7+ Kd4 64. Nb8 Rg2+ 65. Ka3 Kc3 66. Nc6 Rb2 67. Nxa5 Kc2 68. Nc6 Rxb3+ 69. Ka2 Rb6 70. Ne7 Rb4 71. Ka3 Rb3+ 72. Ka2 Rb7 73. Nd5 Kd3 74. Ka3 Kxc4 75. Ne3+ Kd4 76. Nf5+ Ke5 77. Ne3 d5 78. a5 Kd4 79. Nf5+ Kc3 80. Ka4 Rb4+ 81. Ka3 d4 82. a6 Rb6 83. Ka4 Rxa6+ 84. Kb5 Rf6 85. Ng3 Re6 86. Kxc5 d3 87. Kd5 d2 88. Kxe6 d1=Q 89. Kf5 Kd4 90. Kf4 Qe1 91. Nf5+ Kd5 92. Nh4 Qxh4+ 0-1

[Event "Chess.com RCC Wk17 Swiss"]
[Site "chess.com INT"]
[Date "2022.06.04"]
[Round "4"]
[White "Martinez Alcantara, Jose Eduardo"]
[Black "Preotu, Razvan"]
[Result "1-0"]
[WhiteElo "2591"]
[BlackElo "2445"]
[WhiteFideId "-1"]
[WhiteFideId "-1"]
[PlyCount "97"]
[GameId "2130307575182081"]
[EventDate "2022.06.04"]
[EventType "swiss (rapid)"]
[EventRounds "9"]
[EventCountry "NET"]
[SourceTitle "The Week in Chess 1439"]
[Source "Mark Crowther"]
[SourceDate "2022.06.06"]
[SourceVersion "1"]
[SourceVersionDate "2022.06.06"]
[SourceQuality "2"]

1. e4 c5 2. Nf3 d6 3. Bb5+ Nd7 4. O-O a6 5. Bxd7+ Bxd7 6. c3 Nf6 7. Re1 Bc6 8. d4 Bxe4 9. Bg5 Bf5 10. Qb3 h6 11. Bxf6 gxf6 12. Qxb7 Qc8 13. Qd5 Be6 14. Qe4 d5 15. Qe3 c4 16. b3 h5 17. Nbd2 Bh6 18. Qe2 Kf8 19. bxc4 dxc4 20. Nf1 Qc7 21. Ng3 Bf4 22. Nh4 Bd5 23. Kh1 e6 24. Rab1 Bg5 25. Nf3 h4 26. Ne4 Qf4 27. h3 Kg7 28. Nfxg5 fxg5 29. f3 Rab8 30. Kg1 Rxb1 31. Rxb1 Rb8 32. Re1 Bxe4 33. fxe4 Qg3 34. Rf1 g4 35. hxg4 h3 36. Qf3 Qxg2+ 37. Qxg2 hxg2 38. Kxg2 Rb2+ 39. Rf2 Rb1 40. Rc2 Rd1 41. Kf3 Kg6 42. Kf4 Rf1+ 43. Ke3 Kg5 44. d5 exd5 45. exd5 Kf6 46. Kd4 Rf4+ 47. Kc5 Rxg4 48. Re2 Rg3 49. Kxc4 1-0

[Event "Chess.com RCC Wk17 Swiss"]
[Site "chess.com INT"]
[Date "2022.06.04"]
[Round "6"]
[White "Preotu, Razvan"]
[Black "Shuvalova, Polina"]
[Result "1-0"]
[WhiteElo "2445"]
[BlackElo "2498"]
[WhiteFideId "-1"]
[WhiteFideId "-1"]
[PlyCount "81"]
[GameId "2130307575182093"]
[EventDate "2022.06.04"]
[EventType "swiss (rapid)"]
[EventRounds "9"]
[EventCountry "NET"]
[SourceTitle "The Week in Chess 1439"]
[Source "Mark Crowther"]
[SourceDate "2022.06.06"]
[SourceVersion "1"]
[SourceVersionDate "2022.06.06"]
[SourceQuality "2"]

1. e4 c6 2. Nc3 d5 3. Nf3 g6 4. d4 Bg7 5. Bd3 dxe4 6. Nxe4 Nf6 7. Nxf6+ exf6 8. O-O O-O 9. h3 Be6 10. c4 Nd7 11. b3 a5 12. Ba3 Re8 13. Qd2 a4 14. b4 Nb6 15. Rac1 Qd7 16. Rfd1 Rad8 17. Qc2 Bh6 18. Rb1 Bf8 19. d5 cxd5 20. c5 Na8 21. Bb2 Bg7 22. b5 Nc7 23. b6 Na8 24. Bd4 Rc8 25. Bb5 Qe7 26. Bxe8 Qxe8 27. Qb2 Qe7 28. Re1 h5 29. Rbc1 Rc6 30. Qb5 Qd8 31. Qxa4 Qc8 32. Be3 Bd7 33. Nd4 Nxb6 34. Nxc6 Nxa4 35. Ne7+ Kh7 36. Nxc8 Bxc8 37. Bd4 Be6 38. Rb1 Bf8 39. Rxb7 Nxc5 40. Bxc5 Bxc5 41. Rxe6 1-0

[Event "Chess.com Rapid Wk17 Swiss"]
[Site "Chess.com INT"]
[Date "2022.06.04"]
[Round "1"]
[White "Erigaisi, Arjun"]
[Black "Preotu, Razvan"]
[Result "1-0"]
[WhiteElo "2681"]
[BlackElo "2445"]
[WhiteFideId "-1"]
[WhiteFideId "-1"]
[PlyCount "79"]
[GameId "1788681184866304"]
[EventDate "2022.06.04"]
[EventType "swiss (rapid)"]
[EventRounds "9"]
[EventCountry "USA"]
[SourceTitle "CBM 208 Extra"]
[Source "ChessBase"]
[SourceDate "2022.07.31"]
[SourceVersion "1"]
[SourceVersionDate "2022.07.31"]
[SourceQuality "1"]

1. d4 Nf6 2. Nc3 d5 3. Bf4 g6 4. e3 Bg7 5. Nb5 Na6 6. h3 O-O 7. Nf3 Ne4 8. Bd3 c6 9. Nc3 Nxc3 10. bxc3 Qa5 11. Qd2 Nc5 12. O-O Ne4 13. Bxe4 dxe4 14. Ne5 Be6 15. Rfb1 g5 16. Bxg5 f6 17. Rxb7 Rae8 18. Nxc6 Qxg5 19. Nxe7+ Kh8 20. h4 Qxh4 21. d5 Bg4 22. d6 f5 23. d7 Rd8 24. Nc6 Bf3 25. Qd6 f4 26. Nxd8 Bxg2 27. Nf7+ Kg8 28. Kxg2 Qg4+ 29. Kf1 Qh3+ 30. Ke2 Qf3+ 31. Kd2 Qxf2+ 32. Kc1 Qe1+ 33. Qd1 Qxc3 34. d8=Q Qxa1+ 35. Rb1 Bb2+ 36. Kd2 Rxd8+ 37. Nxd8 Qxa2 38. Qg4+ Kf8 39. Qxf4+ Ke8 40. Qf7+ 1-0